can u guess my fav girl names? - Statistics

General Stats
  • This quiz has been taken 24 times
    19 since last reset
  • The average score is 12 of 40
Answer Stats
starting letter :) Answer! % Correct
G grace
60%
I Isabella
60%
Q Quinn
60%
L lina
50%
W Willow
50%
A annie
40%
A april
40%
B bonnie
40%
C clara
40%
E evelyn
40%
H hailey
40%
V Violet
40%
Z Zoey
40%
A Amanda
30%
A ashley
30%
C claire
30%
E eleanor
30%
J Jackie
30%
J Josie
30%
L Lily
30%
N Nina
30%
O Opal
30%
P Presley
30%
R Riley
30%
R Rosie
30%
V Victoria
30%
X Xena
30%
C cameron
20%
E ellie
20%
K katie
20%
M Molly
20%
S Sarah
20%
T Taylor
20%
U Ursla
20%
Y Yara
20%
A Ana
10%
F farrah
10%
K kelly
10%
M Martha
10%
D Darcy
0%
No matching quizzes found
Score Distribution
Percent of People with Each Score
Percentile by Number Answered
Your Score History
You have not taken this quiz since the last reset